Human-Centered Software Engineering : 5th IFIP WG 13.2 International Conference, HCSE 2014, Paderborn, Germany, September 16-18, 2014 : Proceedings /

Selección de ponencias de la quinta Conferencia Internacional sobre Ingeniería de Software Centrada en el Ser Humano, celebrada en Paderborn, Alemania, en septiembre de 2014. Los textos cubren diversos temas relacionados con la integración de la ingeniería de software y el diseño centrado en el usua...

Descripción completa

Guardado en:
Detalles Bibliográficos
Autor corporativo: International Conference on Human-Centered Software Engineering ( Paderborn, Alemania)
Otros autores: Sauer, Stefan (edición) (edición)
Formato: Procedimiento de la conferencia Libro
Idioma:Inglés
Publicado: Heidelberg, Alemania : Springer, 2014, c2014
Colección:(Lecture Notes in Computer Science ; 8742)
Temas:
Acceso en línea:Ver documento en línea
Etiquetas: Agrega una etiqueta
Sin etiquetas, Sé el primero en etiquetar este registro!

MARC

LEADER 00000nam^a2200000^a^4500
001 000557510
005 20251023000000.0
009 20260310131801.394
020 |a 978-3-662-44811-3 
037 |a Acervo ITESO - Biblioteca 
041 |a ING 
082 |a Libro en línea 
111 |a International Conference on Human-Centered Software Engineering (  |n 5a :  |d 2014 :  |c Paderborn, Alemania) 
245 1 0 |a Human-Centered Software Engineering :  |b 5th IFIP WG 13.2 International Conference, HCSE 2014, Paderborn, Germany, September 16-18, 2014 : Proceedings /  |c Ed. de Stefan Sauer... [et al.]. 
264 4 |a Heidelberg, Alemania :  |b Springer,  |c 2014, c2014 
264 2 |a Cham, Suiza :  |b Springer Link [distribución],  |c 2014, c2014 
300 |a 1 libro electrónico en línea (XIV, 323 p.) 
300 |a 1 recurso en línea 
336 |a datos para computadora  |b cod  |2 rdacontenido 
337 |a computadora  |b c  |2 rdamedio 
338 |a recurso en línea  |b cr  |2 rdasoporte 
440 1 |a (Lecture Notes in Computer Science ;  |v 8742) 
506 0 |a Licencias ilimitadas 
520 |a Selección de ponencias de la quinta Conferencia Internacional sobre Ingeniería de Software Centrada en el Ser Humano, celebrada en Paderborn, Alemania, en septiembre de 2014. Los textos cubren diversos temas relacionados con la integración de la ingeniería de software y el diseño centrado en el usuario, entre los que destacan el desarrollo basado en modelos, la usabilidad y los métodos para el diseño de la interfaz de usuario, arquitectura de software, interfaces de usuario para entornos especiales, así como los aspectos sociales y organizacionales en el ciclo de vida del desarrollo de software. 
649 |a XX 
650 |a Interfaz de Usuario -  |x Accesibilidad 
650 |a Interfaz de Usuario -  |x Tema Principal 
650 |a Interacción Hombre-Máquina 
650 |a Arquitectura de Software 
650 |a Paquetes (Software) -  |x Caducidad 
650 |a Paquetes (Software) -  |x Planeación 
650 |a Paquetes (Software) -  |x Reutilización 
650 |a Programación (Software) -  |x Planeación 
650 |a Diseño del Producto 
650 |a Programación (Software) 
650 |a Ingeniería de Software -  |x Congresos -  |x Tema Principal 
650 |a Ingeniería de Software -  |x Tema Principal 
650 |a Autómatas Matemáticos -  |x Teoría 
650 |a Desarrollo de Sistemas 
650 |a Sistemas Computacionales 
650 |a Ingeniería Computacional 
700 |a Sauer, Stefan  |e (edición) 
856 4 0 |u https://link-springer-com.ezproxy.iteso.mx/10.1007/978-3-662-44811-3  |y Ver documento en línea 
910 |a Fondo General 
920 |a Electrónicos - Libros en Línea 
930 |a Plataforma Digital 
905 |a 205 
901 |a 557510-1  |b IT2  |c EBO  |i C  |u 20250521 
902 |a https://opac.biblio.iteso.mx/vufind/Record/000557510